00000000cgm 2200000zi 4500
0019.956701
003CaOODSP
00520251211102557
006m     o  c f      
007cr cna||||||||
008251024s2025    onc044       fo   v|fre d
020 |a9780660794860
040 |aCaOODSP|bfre|erda|cCaOODSP
043 |an-cn---
0861 |aFD4-49/2025F-MP4
24500|aCANAFE : |bprésentation à l'intention des entités déclarantes.
264 1|a[Ottawa] : |bCentre d'analyse des opérations et déclarations financières du Canada = Financial Transactions and Reports Analysis Centre of Canada, |c[2025]
300 |a1 ressource en ligne (1 fichier vidéo (43 min., 44 sec.)) : |bsonore, couleur
336 |aimage animée bidimensionnelle|btdi|2rdacontent/fre
337 |ainformatique|bc|2rdamedia/fre
338 |aressource en ligne|bcr|2rdacarrier/fre
500 |aPublié aussi en anglais sous le titre : FINTRAC : an introduction for reporting entities.
500 |aTitre des images du titre.
500 |aDisponible en streaming vidéo ou en fichier MP4 téléchargeable.
500 |aTranscription de la vidéo en format HTML est fourni par l'éditeur.
538 |aConfiguration requise : Logiciel de lecture multimédia tels que Lecteur Windows Media.
538 |aMode d'accès : World Wide Web.
61026|aCentre d'analyse des opérations et déclarations financières du Canada.
650 6|aBlanchiment de l'argent|zCanada|xPrévention.
650 6|aTerrorisme|zCanada|xFinances|xPrévention.
650 6|aSanctions (Droit)|zCanada.
650 6|aSécurité nationale|zCanada.
650 6|aInfractions économiques|zCanada|xPrévention.
7102 |aCentre d'analyse des opérations et déclarations financières du Canada, |eorganisme de publication.
77508|tFINTRAC : |w(CaOODSP)9.956700
85640|qMP4|s63.2 Mo|uhttps://publications.gc.ca/collections/collection_2025/canafe-fintrac/FD4-49-2025-fra.mp4|z(vidéo)
8564 |qHTML|sS.O.|uhttps://fintrac-canafe.canada.ca/training-formation/about-apropos/video-fra|z(transcription)